000 00575nam a2200193Ii 4500
003 JO-AjNU
008 230605s9999||||xx |||||||||||||| ||und||
040 _aJO-AjNU
_bara
_erda
_cJO-AjNU
041 _aara
050 1 4 _aQE39.2.S77.A43 1985
100 3 _aبلال ، احمد,
_eauthor
_97039
245 0 0 _a الجيولوجيا البنيوية
264 3 1 _aدمشق:مطبعة رياض ، 1986
300 _a126ص
336 _atext
_btxt
_2rdacontent
337 _aunmediated
_bn
_2rdamedia
338 _avolume
_bnc
_2rdacarrier
650 4 _aالجيولوجيا
_97040
999 _aA77
_c3645
_d3645